Účetní a daňové otázky ztrát z úvěrů bank ve světě a v České republice
Pokračovanie z čísla 11/2000. Metódy daňového zachytenia strát z úverov. Daňové zaobchádzanie s nesplatenými úrokmi. Reštrukturalizácia úverov. Fúzie, akvizície a predaj úverov. Vzťah medzi daňovým a regulatórnym zaobchádzaním.
Salvato in:
| Autore principale: | |
|---|---|
| Natura: | Capitolo di libro |
| Lingua: | ceco |
| Soggetti: | |
| Tags: |
Nessun Tag, puoi essere il primo ad aggiungerne!!
|
MARC
| LEADER | 00000naa a2200000 4500 | ||
|---|---|---|---|
| 001 | r040276 | ||
| 005 | 20230913085220.3 | ||
| 041 | 0 | |a cze | |
| 044 | |a CZ | ||
| 245 | 1 | 0 | |a Účetní a daňové otázky ztrát z úvěrů bank ve světě a v České republice |c Josef Jílek |
| 520 | |a Pokračovanie z čísla 11/2000. Metódy daňového zachytenia strát z úverov. Daňové zaobchádzanie s nesplatenými úrokmi. Reštrukturalizácia úverov. Fúzie, akvizície a predaj úverov. Vzťah medzi daňovým a regulatórnym zaobchádzaním. | ||
| 610 | 2 | 0 | |a účtovníctvo |
| 610 | 2 | 0 | |a dane |
| 610 | 2 | 0 | |a úver bankový |
| 610 | 2 | 0 | |a riziko |
| 610 | 2 | 0 | |a strata |
| 610 | 2 | 0 | |a banky |
| 610 | 2 | 0 | |a svet |
| 610 | 2 | 0 | |a Česko |
| 610 | 2 | 0 | |a úrok |
| 610 | 2 | 0 | |a fúzie |
| 610 | 2 | 0 | |a akvizícia |
| 610 | 2 | 0 | |a predaj |
| 610 | 2 | 0 | |a regulácia |
| 100 | 1 | |a Jílek, Josef | |